000 00483nam a2200193Ia 4500
008 210210b2007 xxu||||| |||| 00| 0 eng d
020 _a9780521708029
041 _aeng
082 _a620.8 RATB
100 _aRATLEDGE (Colin)
245 _aBasic biotechnology
260 _aCambridge
_bCambridge University Press
_c2007
300 _axiv,666
650 _abiotechnology
650 _aBasic
690 _aBiotechnology
700 _aKRISTIANSEN (Bjorn) Ed
906 _a070189
999 _c119686
_d119686